Admirals of peace: confidence and cooperation in South Asian waters CCSAW/ (Record no. 607220)

000 -LEADER
fixed length control field 00434nam a22001457a 4500
020 ## - INTERNATIONAL STANDARD BOOK NUMBER
International Standard Book Number 9789692380119
082 ## - DEWEY DECIMAL CLASSIFICATION NUMBER
Classification number 359.00941
Author Mark SAR
100 ## - MAIN ENTRY--PERSONAL NAME
Personal name Naeem Sarfraz
245 ## - TITLE STATEMENT
Title Admirals of peace: confidence and cooperation in South Asian waters CCSAW/
Statement of responsibility, etc. Naeem Sarfraz
260 ## - PUBLICATION, DISTRIBUTION, ETC.
Place of publication, distribution, etc. Islamabad:
Name of publisher, distributor, etc. The Lord Sarfraz Foundation;
Date of publication, distribution, etc. 2023.
300 ## - PHYSICAL DESCRIPTION
Extent 310p.
563 ## - BINDING INFORMATION
Binding note HB
650 ## - SUBJECT ADDED ENTRY--TOPICAL TERM
Topical term or geographic name entry element Maritime
-- Admirals
942 ## - ADDED ENTRY ELEMENTS (KOHA)
Source of classification or shelving scheme
Koha item type Book
650 ## - SUBJECT ADDED ENTRY--TOPICAL TERM
-- 119533
Holdings
Withdrawn status Lost status Source of classification or shelving scheme Materials specified (bound volume or other part) Damaged status Not for loan Permanent Location Current Location Date acquired Source of acquisition Total Checkouts Full call number Barcode Date last seen Price effective from Koha item type
      Donation     Central Library (CL) Central Library (CL) 12/07/2023 Donation   359.00941 SAR CL-D-2560 12/07/2023 12/07/2023 Book
© 2023 Central Library, National University of Sciences and Technology. All Rights Reserved.